000 00523nam a2200217 a 4500
001 0001-2409
003 ELIB.Books
008 191008 2010 eng
020 _aKBTS
092 _a227.06
_bPol
100 _aPollock, John.
245 _aThe Apostle
260 _aWheaton
_bVictor Books
_c1984
300 _a244
_c20 Cm
650 _aNew Testament
856 _nKBTS Library
_uKBTS Elib
942 _2ddc
_cBK
990 _a1
998 _aEnglishbooks.elf
_ccat
_e2019-10-08
999 _c12409
_d12409